000 00501nam a22001817a 4500
005 20170609152446.0
010 _aENG-118611
020 _a9789385755668
_c499.00
035 _aEN-102143
037 _bDBAD/PUB
082 _aN
100 _aImraan Coovadia
245 _aTales of the metric system /
_cby Imraan Coovadia
260 _aNew Delhi
_bSpeaking Tiger
_c2014
270 _a4381/4,Ansari Road, Daryaganj,
_bNew Delhi
_e110002
300 _a391p.
_c21cm(pbk)
942 _2ddc
_cEN
_mIMR
_hN
999 _c140961
_d140961